Badly Rang Dharikan / (Record no. 524919)

000 -LEADER
fixed length control field 00564nam a22001817a 4500
003 - CONTROL NUMBER IDENTIFIER
control field NUST
038 ## - RECORD CONTENT LICENSOR
Staff Name waseem
082 ## - DEWEY DECIMAL CLASSIFICATION NUMBER
Classification number 891.421
Author Mark GIL
100 ## - MAIN ENTRY--PERSONAL NAME
Personal name Gilani, Afzaal Hussain
9 (RLIN) 15719
245 ## - TITLE STATEMENT
Title Badly Rang Dharikan /
Statement of responsibility, etc. Afzaal Hussain Gilani
260 ## - PUBLICATION, DISTRIBUTION, ETC.
Place of publication, distribution, etc. Okara :
Name of publisher, distributor, etc. Syed Ali Sani Gilani,
Date of publication, distribution, etc. 2004.
300 ## - PHYSICAL DESCRIPTION
Extent 111 p. ;
500 ## - GENERAL NOTE
General note Hard cover.
880 ## - ALTERNATE GRAPHIC REPRESENTATION
Linkage 100-01\r
Title افضال حُسین گیلانی
880 ## - ALTERNATE GRAPHIC REPRESENTATION
Linkage 245-02\r
Title بدلے رنگ دھریکاں /
880 ## - ALTERNATE GRAPHIC REPRESENTATION
Linkage 260-03\r
Title اوکاڑہ :
b سید علی ثانی گیلانی,
942 ## - ADDED ENTRY ELEMENTS (KOHA)
Source of classification or shelving scheme
Koha item type Book
Holdings
Withdrawn status Lost status Source of classification or shelving scheme Damaged status Not for loan Permanent Location Current Location Date acquired Total Checkouts Full call number Barcode Date last seen Price effective from Koha item type
          Central Library (CL) Central Library (CL) 06/27/2019   891.421 GIL CL-E-230 06/27/2019 06/27/2019 Book
© 2023 Central Library, National University of Sciences and Technology. All Rights Reserved.